| 000 | 00000nam##2200000za#4500 |
| 001 | 9.647951 |
| 003 | CaOODSP |
| 005 | 20210615112850 |
| 007 | ta |
| 008 | 150407|2000||||xxc||||| f|0| 0 eng|d |
| 020 | |a0-662-29643-5 |
| 040 | |aCaOODSP|beng |
| 043 | |an-cn--- |
| 086 | 1 |aH39-560/2000E |
| 110 | 1 |aCanada. |bHealth Canada. |bFirst Nations and Inuit Health Branch. |
| 245 | 10|aHealth Transition Fund Project NA108: First Nations and Inuit Home Care: final report |
| 260 | |aOttawa - Ontario : |bHealth Canada. |c2000. |
| 300 | |a74p. : |bfigs., illus. ; |c28 cm. |
| 500 | |a"Health Canada and First Nations and Inuit identified home and community care as a major health service gap and, in 1998, partnered on a proposal to the Health Transition Fund for a home care pilot project. Five pilot sites encompassing eight First Nations communities of geographical and cultural diversity participated."--Preface. |
| 563 | |aSpiral binding |
| 590 | |a01-05|b2001-02-02 |
| 690 | 07|aFunding|2gcpds |
| 690 | 07|aCommunity services|2gcpds |
| 690 | 07|aIndigenous peoples|2gcpds |
| 690 | 07|aHealth care|2gcpds |
| 775 | 08|tFonds pour l'adaptation des services de santé, projet NA108: Soins à domicile des Premières nations et des Inuits: rapport final |w(CaOODSP)9.681334 |
| 776 | 0#|tFinal report, Health Transition Fund Project NA108 : |w(CaOODSP)9.695865 |